MARC details
| 000 -LEADER |
| fixed length control field |
01854nam a2200253 a 4500 |
| 008 - FIXED-LENGTH DATA ELEMENTS--GENERAL INFORMATION |
| fixed length control field |
170329s2013 ||||||||||||||||| || u |
| 010 ## - LIBRARY OF CONGRESS CONTROL NUMBER |
| LC control number |
2011053249 |
| 020 ## - INTERNATIONAL STANDARD BOOK NUMBER |
| International Standard Book Number |
9781437723663 |
| 050 ## - LIBRARY OF CONGRESS CALL NUMBER |
| Classification number |
RS 57 Ful |
| 100 ## - MAIN ENTRY--PERSONAL NAME |
| Personal name |
Fulcher, Robert M |
| 245 10 - TITLE STATEMENT |
| Title |
Math calculations for pharmacy technicians : a worktext. (2nd ed.) |
| Statement of responsibility, etc. |
Robert M. Fulcher, Eugenia M. Fulcher. |
| 250 ## - EDITION STATEMENT |
| Edition statement |
2nd ed. |
| 260 ## - PUBLICATION, DISTRIBUTION, ETC. |
| Place of publication, distribution, etc. |
St. Louis, Mo |
| Name of publisher, distributor, etc. |
Saunders |
| Date of publication, distribution, etc. |
2013 |
| 260 ## - PUBLICATION, DISTRIBUTION, ETC. |
| Place of publication, distribution, etc. |
St. Louis, Mo |
| Name of publisher, distributor, etc. |
Elsevier Saunders |
| Date of publication, distribution, etc. |
2013 |
| 300 ## - PHYSICAL DESCRIPTION |
| Extent |
xviii, 667 p. : ill. |
| 350 ## - |
| -- |
72.95 |
| 500 ## - GENERAL NOTE |
| General note |
Includes bibliographical references and index. |
| 505 ## - |
| -- |
Assessment of mathematical skills needed in health occupations -- Review of basic mathematical skills -- Conversion of clinical measurements of numbers, time and temperature -- Comparisons of measurement systems -- Conversions between measurement systems -- Interpretation of medication labels and orders -- Calculation of solid oral doses and dosages -- Calculate doses of liquid oral and parenteral medications -- Reconstitution of powders or crystals into liquid medications -- Calculation of medications for special populations based on body weight and patient age -- Calculation of medications measured in units, milliequivalents and percents of concentration -- Calculation of medications for intravenous uses -- Calculation of mixtures from stock medications -- Interpreting physician's orders for dosages -- Business math for pharmacy technicians. |
| 650 #3 - SUBJECT ADDED ENTRY--TOPICAL TERM |
| Topical term or geographic name entry element |
MATHEMATICS--PROBLEMS AND EXERCISES |
| 650 #3 - SUBJECT ADDED ENTRY--TOPICAL TERM |
| Topical term or geographic name entry element |
PHARMACEUTICAL PREPARATIONS--ADMINISTRATION &DOSAGE--PROBLEMS AND EXERCISES |
| 700 ## - ADDED ENTRY--PERSONAL NAME |
| Personal name |
Fulcher, Eugenia M |
| 995 ## - |
| -- |
MEDICAL LIBRARY OPEN ACCESS |
| -- |
903801 |
| -- |
CBU-SCHOOL OF MEDICINE LIBRARY (Ndola) |
| -- |
72.95 |
| -- |
RS 57 Ful |
| -- |
1 |
| -- |
AVAILABLE |
| -- |
Mar 29, 2017 |
| -- |
903801 |
| -- |
Medical Library Open Access Collection |
| 999 ## - |
| -- |
31992 |
| -- |
31992 |